[Event "Abe Yanofsky mem. U1800"]
[Site "Winnipeg CAN"]
[Date "2014.08.29"]
[Round "1"]
[White "Gannon, Keith"]
[Black "Keer, Keer"]
[Result "0-1"]
[WhiteElo "1727"]
[BlackElo "1566"]
[PlyCount "114"]
[EventDate "2014.08.29"]
[EventType "swiss"]
[EventRounds "5"]
[EventCountry "CAN"]

1. e4 Nf6 2. e5 Nd5 3. d4 e6 4. c4 Ne7 5. Nf3 b6 6. Nc3 Bb7 7. Be2 Nf5 8. O-O
Nc6 9. a3 Be7 10. Re1 d6 11. exd6 Bxd6 12. d5 Ne5 13. Nxe5 Bxe5 14. Qa4+ Kf8
15. Qb4+ Bd6 16. Qb3 Qh4 17. g3 Qh3 18. Bf1 Qg4 19. Bg2 h5 20. Re4 Qg6 21. Qd1
Rd8 22. b4 h4 23. Rg4 Qf6 24. Bg5 Qxc3 25. Bxd8 hxg3 26. hxg3 f6 27. dxe6 Bxg2
28. e7+ Nxe7 29. Bxe7+ Bxe7 30. Kxg2 Qe5 31. Qe1 Qf5 32. Qe4 Qxe4+ 33. Rxe4 Kf7
34. Rae1 Bd6 35. R1e2 a6 36. f4 g6 37. Kf3 f5 38. Re6 Rh6 39. Ke3 Rh1 40. Re1
Rh2 41. Re2 Rh5 42. Re8 g5 43. Rc8 gxf4+ 44. gxf4 Rh3+ 45. Kf2 Rxa3 46. c5 bxc5
47. bxc5 Bxf4 48. c6 Rc3 49. Ree8 Bd6 50. Rh8 Rxc6 51. Rh7+ Kf6 52. Rh6+ Ke5
53. Re8+ Kd5 54. Ree6 Rc2+ 55. Kf3 a5 56. Re1 a4 57. Ra1 a3 0-1

[Event "Abe Yanofsky mem. U1800"]
[Site "Winnipeg CAN"]
[Date "2014.08.29"]
[Round "1"]
[White "Huston-Earle, Joshua"]
[Black "Reimer, Bruce"]
[Result "0-1"]
[WhiteElo "1382"]
[BlackElo "1593"]
[PlyCount "102"]
[EventDate "2014.08.29"]
[EventType "swiss"]
[EventRounds "5"]
[EventCountry "CAN"]

1. d4 g6 2. Nf3 Bg7 3. Bf4 c5 4. e3 d6 5. c4 Nf6 6. Nc3 Nh5 7. Bg3 Nxg3 8. hxg3
Bg4 9. dxc5 Qa5 10. Qb3 O-O 11. cxd6 exd6 12. Be2 Nd7 13. O-O-O Bxc3 14. bxc3
Nc5 15. Qc2 Rfd8 16. Rh4 h5 17. Ng1 Bxe2 18. Nxe2 Ne6 19. Rdh1 Ng7 20. g4 Rac8
21. gxh5 Nxh5 22. g4 Nf6 23. f4 Kg7 24. g5 Nh5 25. Qd2 Rxc4 26. f5 Rxh4 27. f6+
Kg8 28. Rxh4 Qxg5 29. Qd4 Qxf6 30. Qxf6 Nxf6 31. Rd4 g5 32. e4 Ne8 33. e5 Kg7
34. Ng3 Kg6 35. Ne4 d5 36. Nc5 Kf5 37. Nxb7 Rb8 38. Nd6+ Nxd6 39. exd6 Ke6 40.
Rg4 f6 41. Ra4 Kxd6 42. Rxa7 g4 43. Rg7 f5 44. Kd1 Ra8 45. Ke2 Rxa2+ 46. Kd3
Ra4 47. Ke3 Re4+ 48. Kd3 Ke5 49. Re7+ Kf4 50. Rd7 g3 51. Rxd5 g2 0-1

[Event "Abe Yanofsky mem. U1800"]
[Site "Winnipeg CAN"]
[Date "2014.08.29"]
[Round "1"]
[White "Liebzeit, Mick"]
[Black "Wiebe, Isaac"]
[Result "1-0"]
[WhiteElo "1608"]
[BlackElo "1520"]
[PlyCount "93"]
[EventDate "2014.08.29"]
[EventType "swiss"]
[EventRounds "5"]
[EventCountry "CAN"]

1. e4 c5 2. Nf3 e6 3. d4 cxd4 4. Nxd4 Nf6 5. Nc3 d6 6. Be2 Be7 7. O-O O-O 8.
Be3 a6 9. f4 Nbd7 10. f5 Nc5 11. Bf3 e5 12. Nde2 Qc7 13. b4 Ncd7 14. g4 h6 15.
h4 Nh7 16. Nd5 Qd8 17. Nxe7+ Qxe7 18. Qe1 b5 19. Qg3 f6 20. Rad1 Bb7 21. Rd2
Rfd8 22. Rfd1 Nb8 23. Bc5 Nc6 24. Rxd6 Rxd6 25. Rxd6 Qf7 26. Nc3 Rd8 27. Rxd8+
Nxd8 28. Nd5 Nc6 29. Be2 Nf8 30. g5 Nd7 31. gxh6 Nxc5 32. Bh5 Qf8 33. hxg7 Qxg7
34. Qxg7+ Kxg7 35. bxc5 Nd4 36. Be8 Kf8 37. Bd7 Bxd5 38. exd5 Ke7 39. Be6 e4
40. Kf2 Nxc2 41. h5 Nd4 42. Ke3 Nf3 43. Kxe4 Ne5 44. Kd4 Nf3+ 45. Ke3 Ne5 46.
d6+ Kd8 47. Ke4 1-0

[Event "Abe Yanofsky mem. U1800"]
[Site "Winnipeg CAN"]
[Date "2014.08.29"]
[Round "1"]
[White "Quebrado, Jerric"]
[Black "Beach, Brock"]
[Result "0-1"]
[WhiteElo "1799"]
[BlackElo "1588"]
[PlyCount "78"]
[EventDate "2014.08.29"]
[EventType "swiss"]
[EventRounds "5"]
[EventCountry "CAN"]

1. e4 c6 2. d4 d5 3. e5 Bf5 4. Bd3 Bxd3 5. Qxd3 e6 6. Nf3 c5 7. c3 c4 8. Qc2
Nc6 9. O-O Nge7 10. Bg5 h6 11. Bf4 Ng6 12. Bg3 h5 13. h3 h4 14. Bh2 Qd7 15.
Nbd2 Be7 16. b3 cxb3 17. axb3 O-O 18. Ne1 Rac8 19. Qd3 a6 20. f4 Bd8 21. Kh1
Nce7 22. Nef3 Nf5 23. Rfc1 Be7 24. Nf1 Rc6 25. Ne3 Nxe3 26. Qxe3 Rfc8 27. Nd2
Bb4 28. Nc4 dxc4 29. cxb4 c3 30. Rc2 Qd5 31. Rb1 Qb5 32. Bg1 Qxb4 33. Bf2 a5
34. g4 hxg3 35. Bxg3 a4 36. Be1 axb3 37. h4 b2 38. Qd3 Qa3 39. Rcxb2 Nxf4 0-1

[Event "Abe Yanofsky mem. U1800"]
[Site "Winnipeg CAN"]
[Date "2014.08.29"]
[Round "1"]
[White "Remillard, John"]
[Black "Trueman, Francis"]
[Result "0-1"]
[WhiteElo "1660"]
[BlackElo "1547"]
[PlyCount "66"]
[EventDate "2014.08.29"]
[EventType "swiss"]
[EventRounds "5"]
[EventCountry "CAN"]

1. Nf3 Nc6 2. d3 d5 3. g3 e5 4. Bg2 Nf6 5. O-O Be7 6. c3 Bg4 7. Qc2 O-O 8. e4
Qd7 9. Nbd2 d4 10. a4 Rfd8 11. Nc4 Bxf3 12. Bxf3 dxc3 13. bxc3 Qxd3 14. Qxd3
Rxd3 15. Ne3 Rxc3 16. Bb2 Rd3 17. Bd1 Rad8 18. Bc2 R3d7 19. Nc4 Nd4 20. Bd1 Bd6
21. f3 Ne8 22. Ne3 Bc5 23. Kg2 Nb3 24. Bxb3 Rd2+ 25. Rf2 Bxe3 26. Rxd2 Rxd2+
27. Kh3 Rxb2 28. Bc4 Bd4 29. Bb5 Nd6 30. Bd7 Rxh2+ 31. Kxh2 Bxa1 32. Kh3 c5 33.
f4 Nxe4 0-1

[Event "Abe Yanofsky mem. U1800"]
[Site "Winnipeg CAN"]
[Date "2014.08.30"]
[Round "2"]
[White "Beach, Brock"]
[Black "Liebzeit, Mick"]
[Result "0-1"]
[WhiteElo "1588"]
[BlackElo "1608"]
[PlyCount "100"]
[EventDate "2014.08.29"]
[EventType "swiss"]
[EventRounds "5"]
[EventCountry "CAN"]

1. e4 c5 2. Nc3 Nc6 3. f4 g6 4. Nf3 Bg7 5. Bc4 e6 6. O-O Nge7 7. a3 a6 8. d3 b5
9. Bb3 O-O 10. Nh4 Nd4 11. Ba2 d5 12. Nf3 Bb7 13. exd5 Nxd5 14. Nxd5 Bxd5 15.
Bxd5 Qxd5 16. Nxd4 Qxd4+ 17. Kh1 Rfd8 18. Rf3 c4 19. c3 Qe4 20. d4 e5 21. fxe5
Bxe5 22. Bg5 Rd5 23. Re3 Qf5 24. Rxe5 Rxe5 25. dxe5 Qxg5 26. Qf3 Re8 27. Rf1
Re7 28. Qa8+ Kg7 29. Qxa6 Qxe5 30. Qb6 f5 31. Kg1 Qe3+ 32. Qxe3 Rxe3 33. Kf2
Rd3 34. Ke2 Kf6 35. Rd1 Rxd1 36. Kxd1 Ke5 37. Kc2 Ke4 38. b3 f4 39. a4 bxa4 40.
bxa4 g5 41. Kb2 g4 42. Kc2 Kd5 43. a5 Kc5 44. a6 Kb6 45. a7 Kxa7 46. Kd2 Kb6
47. Ke2 Ka5 48. h3 h5 49. hxg4 hxg4 50. Kd2 Ka4 0-1

[Event "Abe Yanofsky mem. U1800"]
[Site "Winnipeg CAN"]
[Date "2014.08.30"]
[Round "2"]
[White "Huston-Earle, Joshua"]
[Black "Einarsson, Ken"]
[Result "0-1"]
[WhiteElo "1382"]
[BlackElo "1748"]
[PlyCount "81"]
[EventDate "2014.08.29"]
[EventType "swiss"]
[EventRounds "5"]
[EventCountry "CAN"]

1. d4 d5 2. c4 Nf6 3. Nc3 Bf5 4. Nf3 e6 5. Ne5 Nc6 6. Qa4 Nd7 7. Nxc6 bxc6 8.
Qxc6 dxc4 9. e4 Bg6 10. Bxc4 Bb4 11. O-O O-O 12. a3 Bxc3 13. bxc3 Nb6 14. Bd3
Qd6 15. Qxd6 cxd6 16. Bf4 d5 17. f3 Rac8 18. Rfc1 Na4 19. Bd2 dxe4 20. fxe4
Rfd8 21. Rab1 Nb6 22. Rb4 e5 23. Be3 f6 24. a4 Bf7 25. d5 Bxd5 26. Bxb6 axb6
27. exd5 Kf8 28. c4 Rb8 29. Bxh7 Kf7 30. Bf5 g6 31. Be6+ Ke7 32. Rcb1 Kd6 33.
a5 Kc5 34. axb6 Kd4 35. b7 Kd3 36. c5 e4 37. R1b3+ Kd2 38. Rxe4 Kc2 39. Reb4
Rh8 40. c6 Rh7 41. d6 0-1

[Event "Abe Yanofsky mem. U1800"]
[Site "Winnipeg CAN"]
[Date "2014.08.30"]
[Round "2"]
[White "Reimer, Bruce"]
[Black "Keer, Keer"]
[Result "0-1"]
[WhiteElo "1593"]
[BlackElo "1566"]
[PlyCount "76"]
[EventDate "2014.08.29"]
[EventType "swiss"]
[EventRounds "5"]
[EventCountry "CAN"]

1. c4 Nf6 2. g3 e5 3. Bg2 Nc6 4. Nc3 Be7 5. e4 d6 6. Nge2 Bg4 7. h3 Bh5 8. g4
Bg6 9. d3 Qd7 10. f4 exf4 11. Bxf4 h6 12. a3 Nh7 13. O-O h5 14. Ng3 hxg4 15.
Qxg4 Qd8 16. Be3 Ne5 17. Qe2 Ng5 18. Bxg5 Bxg5 19. Nd5 c6 20. Nf4 Qb6+ 21. Rf2
Bxf4 22. Kh2 Bh5 23. Qf1 Bxg3+ 24. Kxg3 Qe3+ 25. Kh2 Bg6 26. Rd1 Ng4+ 27. Kg1
Nxf2 28. Qxf2 Qxf2+ 29. Kxf2 O-O-O 30. Rg1 d5 31. Ke2 dxc4 32. dxc4 Rd4 33. b3
Bxe4 34. Bxe4 Rxe4+ 35. Kf3 Reh4 36. Rxg7 Rxh3+ 37. Ke4 R8h7 38. Rg8+ Kc7 0-1

[Event "Abe Yanofsky mem. U1800"]
[Site "Winnipeg CAN"]
[Date "2014.08.30"]
[Round "2"]
[White "Remillard, John"]
[Black "Leaden, Bruce"]
[Result "1-0"]
[WhiteElo "1660"]
[BlackElo "1583"]
[PlyCount "85"]
[EventDate "2014.08.29"]
[EventType "swiss"]
[EventRounds "5"]
[EventCountry "CAN"]

1. c4 b6 2. e4 Bb7 3. Nc3 e6 4. d4 c5 5. d5 exd5 6. cxd5 d6 7. Nf3 Be7 8. Bf4
Nf6 9. Bb5+ Nbd7 10. O-O O-O 11. Re1 Nh5 12. Qd2 Nxf4 13. Qxf4 a6 14. Bxd7 Qxd7
15. Rad1 f6 16. Nh4 Rae8 17. Nf5 Bc8 18. Re3 Kh8 19. Rdd3 Qc7 20. Rh3 Bxf5 21.
Qxf5 g6 22. Qxg6 Bd8 23. Qf5 Re5 24. Qg4 Rg5 25. Qe2 Rfg8 26. Rdg3 Rxg3 27.
hxg3 Qf7 28. Qxa6 Qg6 29. Qd3 Rg7 30. Nb5 Rd7 31. f4 Qg7 32. Nc3 Qg6 33. f5 Qg5
34. Ne2 Rc7 35. Nf4 Kg8 36. Qf3 Re7 37. Rh5 Qg7 38. Ne6 Rxe6 39. fxe6 Be7 40.
g4 Kh8 41. Kh2 b5 42. Kh3 b4 43. a3 1-0

[Event "Abe Yanofsky mem. U1800"]
[Site "Winnipeg CAN"]
[Date "2014.08.30"]
[Round "2"]
[White "Trueman, Francis"]
[Black "Quebrado, Jerric"]
[Result "0-1"]
[WhiteElo "1547"]
[BlackElo "1799"]
[PlyCount "25"]
[EventDate "2014.08.29"]
[EventType "swiss"]
[EventRounds "5"]
[EventCountry "CAN"]

1. Nf3 Nf6 2. d3 e6 3. Nbd2 d6 4. g3 Be7 5. Bg2 O-O 6. O-O c5 7. c3 Nc6 8. Re1
Re8 9. g4 h6 10. Nf1 e5 11. h4 d5 12. N1h2 g5 13. hxg5 0-1

[Event "Abe Yanofsky mem. U1800"]
[Site "Winnipeg CAN"]
[Date "2014.08.30"]
[Round "2"]
[White "Wiebe, Isaac"]
[Black "Gannon, Keith"]
[Result "1-0"]
[WhiteElo "1520"]
[BlackElo "1727"]
[PlyCount "61"]
[EventDate "2014.08.29"]
[EventType "swiss"]
[EventRounds "5"]
[EventCountry "CAN"]

1. e4 e5 2. Nf3 d6 3. d4 exd4 4. Nxd4 Nf6 5. Nc3 Be7 6. Be2 O-O 7. Be3 Bd7 8.
O-O Re8 9. f4 Nc6 10. Qe1 Nxd4 11. Bxd4 Bc6 12. Be3 a6 13. Rd1 b5 14. a3 Qc8
15. Rf3 h6 16. Rh3 Bd7 17. f5 c5 18. Bd3 c4 19. Be2 Nh7 20. Nd5 Bg5 21. Bf3
Bxe3+ 22. Qxe3 Ng5 23. Rg3 Nxf3+ 24. Qxf3 Qc5+ 25. Kh1 Kh8 26. Nf6 Re7 27. Qg4
g6 28. Qh4 h5 29. Nxh5 g5 30. Qxg5 Qe5 31. Qh6# 1-0

[Event "Abe Yanofsky mem. U1800"]
[Site "Winnipeg CAN"]
[Date "2014.08.30"]
[Round "3"]
[White "Gannon, Keith"]
[Black "Beach, Brock"]
[Result "1-0"]
[WhiteElo "1727"]
[BlackElo "1588"]
[PlyCount "84"]
[EventDate "2014.08.29"]
[EventType "swiss"]
[EventRounds "5"]
[EventCountry "CAN"]

1. d4 f5 2. c4 Nf6 3. Nc3 e6 4. a3 Be7 5. Nf3 O-O 6. d5 Bc5 7. e3 Be7 8. dxe6
dxe6 9. Qxd8 Rxd8 10. Be2 a6 11. O-O Nc6 12. Re1 e5 13. Nd2 e4 14. g3 Be6 15.
b4 Ne5 16. Rd1 Nd3 17. c5 Rd7 18. Nf1 Rad8 19. Bd2 Bb3 20. Rdb1 Bc2 21. Bxd3
Bxd3 22. Be1 Bxb1 23. Rxb1 Nd5 24. Nxd5 Rxd5 25. Nd2 Rxd2 26. Bxd2 Rxd2 27. Kg2
Bf6 28. b5 Rb2 29. bxa6 bxa6 30. Rd1 Rc2 31. Rd7 Rxc5 32. h4 Kf8 33. Rd2 Ke7
34. f3 c6 35. fxe4 fxe4 36. Ra2 Rb5 37. a4 Rb2+ 38. Rxb2 Bxb2 39. Kh3 c5 40.
Kg4 c4 41. Kf5 c3 42. Kxe4 c2 1-0

[Event "Abe Yanofsky mem. U1800"]
[Site "Winnipeg CAN"]
[Date "2014.08.30"]
[Round "3"]
[White "Huston-Earle, Joshua"]
[Black "Trueman, Francis"]
[Result "1-0"]
[WhiteElo "1382"]
[BlackElo "1547"]
[PlyCount "23"]
[EventDate "2014.08.29"]
[EventType "swiss"]
[EventRounds "5"]
[EventCountry "CAN"]

1. d4 Nf6 2. c4 e6 3. Nf3 c5 4. Bf4 Nc6 5. e3 d5 6. Nc3 Be7 7. Nb5 O-O 8. Ng5
cxd4 9. Nc7 dxe3 10. fxe3 e5 11. Bxe5 Nxe5 12. Nxa8 {
%02 Game scores incomplete and undecipherable. White wins around move 54?} 1-0

[Event "Abe Yanofsky mem. U1800"]
[Site "Winnipeg CAN"]
[Date "2014.08.28"]
[Round "3"]
[White "Keer, Keer"]
[Black "Einarsson, Ken"]
[Result "0-1"]
[WhiteElo "1566"]
[BlackElo "1748"]
[PlyCount "65"]
[EventDate "2014.08.29"]
[EventType "swiss"]
[EventRounds "5"]
[EventCountry "CAN"]

1. e4 c6 2. d4 d5 3. exd5 cxd5 4. Nc3 Nf6 5. Bg5 Bf5 6. Bb5+ Nc6 7. Nf3 e6 8.
Ne5 Rc8 9. h4 h6 10. g4 hxg5 11. gxf5 exf5 12. Qe2 Be7 13. h5 a6 14. Bxc6+ bxc6
15. Qxa6 Qc7 16. O-O-O Nxh5 17. Na4 g6 18. Nb6 Rb8 19. Ned7 Rd8 20. Ne5 O-O 21.
a4 c5 22. Nbd7 Ra8 23. Qc6 Qxc6 24. Nxc6 Rfe8 25. Nxe7+ Rxe7 26. Nxc5 Nf4 27.
b3 g4 28. Rde1 Rae8 29. Rxe7 Rxe7 30. Nd3 Ne2+ 31. Kd2 Nxd4 32. Re1 Nf3+ 33.
Kd1 0-1

[Event "Abe Yanofsky mem. U1800"]
[Site "Winnipeg CAN"]
[Date "2014.08.30"]
[Round "3"]
[White "Liebzeit, Mick"]
[Black "Remillard, John"]
[Result "1-0"]
[WhiteElo "1608"]
[BlackElo "1660"]
[PlyCount "83"]
[EventDate "2014.08.29"]
[EventType "swiss"]
[EventRounds "5"]
[EventCountry "CAN"]

1. c4 e5 2. Nc3 Nf6 3. g3 d5 4. cxd5 Nxd5 5. Bg2 Be6 6. d4 Nxc3 7. bxc3 c6 8.
Nf3 exd4 9. cxd4 Bb4+ 10. Bd2 Qa5 11. O-O O-O 12. Bxb4 Qxb4 13. Rb1 Qe7 14. Qc2
Na6 15. e4 Rab8 16. Rfe1 Rfc8 17. Qd2 Nc7 18. d5 Rd8 19. Ng5 h6 20. Nxe6 fxe6
21. Rbd1 exd5 22. exd5 Qd6 23. Qe3 c5 24. Qe7 Ne8 25. Bh3 Qxe7 26. Rxe7 Kf8 27.
Re5 Rd6 28. Re6 Rbd8 29. Rxd6 Rxd6 30. f4 Nc7 31. Kf2 b6 32. Bg2 Kf7 33. Ke3
Kf6 34. g4 g5 35. fxg5+ hxg5 36. Rf1+ Kg7 37. Rf5 Kh6 38. Be4 a5 39. h4 gxh4
40. Rh5+ Kg7 41. Rh7+ Kg8 42. Rxc7 1-0

[Event "Abe Yanofsky mem. U1800"]
[Site "Winnipeg CAN"]
[Date "2014.08.30"]
[Round "3"]
[White "Quebrado, Jerric"]
[Black "Wiebe, Isaac"]
[Result "0-1"]
[WhiteElo "1799"]
[BlackElo "1520"]
[PlyCount "124"]
[EventDate "2014.08.29"]
[EventType "swiss"]
[EventRounds "5"]
[EventCountry "CAN"]

1. e4 e6 2. Nc3 d5 3. exd5 exd5 4. d4 Nf6 5. Bg5 Be7 6. Nf3 O-O 7. Be2 Bf5 8.
O-O Nc6 9. Bd3 Bg4 10. Be2 Bf5 11. h3 Re8 12. Bd3 Qd7 13. Ne5 Nxe5 14. dxe5 Ne4
15. Bxe4 dxe4 16. Bxe7 Rxe7 17. Qxd7 Bxd7 18. Nxe4 Rxe5 19. Ng3 Rae8 20. Rfd1
Bc6 21. Nf1 f6 22. Ne3 Kf7 23. Rd4 Rb5 24. b3 Kg6 25. c4 Rbe5 26. b4 Re4 27.
Rad1 a6 28. Kh2 f5 29. R1d2 f4 30. Rxe4 Rxe4 31. Ng4 h5 32. f3 Re1 33. Nf2 Kf5
34. Rb2 b6 35. b5 Bb7 36. Nd3 Rd1 37. Nb4 axb5 38. cxb5 Rc1 39. Rb3 h4 40. Rb2
Rc3 41. Nc2 Ke5 42. Kg1 g5 43. Kf2 Kd5 44. Ke2 Kc5 45. Kd2 Rc4 46. Ne1 Bc8 47.
Nd3+ Kd4 48. Nb4 Bf5 49. Nc2+ Kc5 50. Ne1 Rb4 51. Rb3 Rxb3 52. axb3 Kxb5 53.
Kc3 Kc5 54. b4+ Kd5 55. Nd3 Bxd3 56. Kxd3 b5 57. Kc3 c5 58. bxc5 Kxc5 59. Kb3
b4 60. Kc2 Kc4 61. Kb2 b3 62. Kc1 Kc3 0-1

[Event "Abe Yanofsky mem. U1800"]
[Site "Winnipeg CAN"]
[Date "2014.08.31"]
[Round "4"]
[White "Einarsson, Ken"]
[Black "Liebzeit, Mick"]
[Result "0-1"]
[WhiteElo "1748"]
[BlackElo "1608"]
[PlyCount "80"]
[EventDate "2014.08.29"]
[EventType "swiss"]
[EventRounds "5"]
[EventCountry "CAN"]

1. d4 Nf6 2. c4 g6 3. Nc3 Bg7 4. e4 d6 5. Nf3 O-O 6. Bd3 Re8 7. O-O e5 8. dxe5
dxe5 9. Bg5 c6 10. Qc2 Qc7 11. Rad1 Bg4 12. Be2 Be6 13. b3 a5 14. Rd2 Na6 15.
a3 h6 16. Be3 Ng4 17. Na4 Nxe3 18. fxe3 Bf8 19. Qb2 Nc5 20. Nxc5 Bxc5 21. Qc3
Bxa3 22. Rd3 f6 23. Nh4 Kg7 24. Qe1 Rad8 25. Qg3 Bf7 26. Rxd8 Rxd8 27. Nf5+ Kh7
28. Nxh6 Kxh6 29. Qh4+ Kg7 30. Qxf6+ Kg8 31. Qg5 Be7 32. Qg3 Kg7 33. Bh5 Bf6
34. h4 Qe7 35. Bxg6 Bxg6 36. h5 Qf7 37. hxg6 Qxg6 38. Qe1 Qxe4 39. Qxa5 Qxe3+
40. Kh1 Rh8# 0-1

[Event "Abe Yanofsky mem. U1800"]
[Site "Winnipeg CAN"]
[Date "2014.08.31"]
[Round "4"]
[White "Reimer, Bruce"]
[Black "Wiebe, Isaac"]
[Result "0-1"]
[WhiteElo "1593"]
[BlackElo "1520"]
[PlyCount "72"]
[EventDate "2014.08.29"]
[EventType "swiss"]
[EventRounds "5"]
[EventCountry "CAN"]

1. c4 Nf6 2. g3 e5 3. Bg2 Nc6 4. Nc3 Bc5 5. e3 d6 6. a3 a5 7. Nge2 O-O 8. O-O
Bg4 9. h3 Bh5 10. g4 Bg6 11. d4 exd4 12. exd4 Bb6 13. Be3 Re8 14. Qd2 Qd7 15.
Ng3 h6 16. Rad1 Re7 17. Rde1 Rae8 18. Nd5 Nxd5 19. Bxd5 Nxd4 20. Rd1 Nb3 21.
Qc3 Rxe3 22. fxe3 Rxe3 23. Qxe3 Bxe3+ 24. Kh2 c6 25. Bg2 Bg5 26. Rf3 a4 27. Rf2
Bh4 28. Re2 Bxg3+ 29. Kxg3 h5 30. Rde1 d5 31. cxd5 cxd5 32. Re7 Qd6+ 33. Kf2 h4
34. R7e5 d4 35. Rd5 Qg3+ 36. Kf1 Bd3+ 0-1

[Event "Abe Yanofsky mem. U1800"]
[Site "Winnipeg CAN"]
[Date "2014.08.31"]
[Round "4"]
[White "Remillard, John"]
[Black "Beach, Brock"]
[Result "1/2-1/2"]
[WhiteElo "1660"]
[BlackElo "1588"]
[PlyCount "84"]
[EventDate "2014.08.29"]
[EventType "swiss"]
[EventRounds "5"]
[EventCountry "CAN"]

1. e4 c6 2. d4 d5 3. exd5 cxd5 4. Nc3 Nc6 5. Bb5 a6 6. Bxc6+ bxc6 7. Nge2 Nf6
8. O-O Bf5 9. Ng3 Bg6 10. Bg5 e6 11. a3 Be7 12. Nce2 h6 13. Be3 O-O 14. Nf4 Bh7
15. f3 Qb6 16. b3 c5 17. Nge2 cxd4 18. Bxd4 Bc5 19. Bf2 Bxf2+ 20. Rxf2 Rfc8 21.
Rc1 Rc7 22. g3 Rac8 23. c3 a5 24. Kg2 Rb7 25. b4 axb4 26. cxb4 Rbc7 27. Rxc7
Rxc7 28. Nc1 Qc6 29. Nfd3 e5 30. Nc5 d4 31. Kg1 Nd7 32. N1b3 f6 33. Nxd7 Rxd7
34. Nc5 Rd8 35. Qb3+ Kh8 36. a4 d3 37. Qd1 Qd6 38. Rd2 Qd4+ 39. Kg2 Qxb4 40.
Nxd3 Bxd3 41. Rxd3 Rxd3 42. Qxd3 Qxa4 1/2-1/2

[Event "Abe Yanofsky mem. U1800"]
[Site "Winnipeg CAN"]
[Date "2014.08.31"]
[Round "4"]
[White "Trueman, Francis"]
[Black "Gannon, Keith"]
[Result "0-1"]
[WhiteElo "1547"]
[BlackElo "1727"]
[PlyCount "60"]
[EventDate "2014.08.29"]
[EventType "swiss"]
[EventRounds "5"]
[EventCountry "CAN"]

1. Nf3 Nf6 2. d3 d5 3. Nbd2 Nc6 4. g3 g6 5. Bg2 Bg7 6. O-O O-O 7. Re1 Re8 8. e4
dxe4 9. dxe4 e5 10. Qe2 Bg4 11. h3 Nd4 12. Qd3 Nxf3+ 13. Nxf3 Qxd3 14. cxd3
Bxf3 15. Bxf3 Bf8 16. Rd1 Be7 17. Be2 Red8 18. f3 b6 19. Kg2 c5 20. b3 Ne8 21.
g4 Nc7 22. a4 a5 23. Be3 Ne6 24. Bc1 Nd4 25. Kf2 Nxb3 26. Rb1 Nxc1 27. Rdxc1
Rd4 28. Ra1 Rb4 29. Rd1 Bd6 30. g5 Rd4 0-1

[Event "Abe Yanofsky mem. U1800"]
[Site "Winnipeg CAN"]
[Date "2014.08.31"]
[Round "5"]
[White "Gannon, Keith"]
[Black "Huston-Earle, Joshua"]
[Result "1-0"]
[WhiteElo "1727"]
[BlackElo "1382"]
[PlyCount "74"]
[EventDate "2014.08.29"]
[EventType "swiss"]
[EventRounds "5"]
[EventCountry "CAN"]

1. e4 c5 2. Nf3 e6 3. d4 Nc6 4. Nc3 d6 5. Bb5 Bd7 6. O-O a6 7. Bxc6 bxc6 8.
dxc5 dxc5 9. Ne5 Nf6 10. Bg5 Be7 11. Nxd7 Qxd7 12. Qe2 O-O 13. Rad1 Qc7 14. Rd2
Rad8 15. Rfd1 Rxd2 16. Rxd2 h6 17. Be3 Rb8 18. b3 Qa5 19. Rd3 Rb4 20. f3 Ne8
21. Qf2 c4 22. Rd7 Bf6 23. Na4 cxb3 24. cxb3 Bg5 25. Bxg5 Qxg5 26. Qd2 Qxd2 27.
Rxd2 Kf8 28. Rc2 Rd4 29. Kf2 Rd1 30. Nc5 Nc7 31. a4 Ke7 32. Nb7 Rd3 33. Na5 Rd6
34. Nxc6+ Kd7 35. Ne5+ Kc8 36. Nxf7 Rd3 37. Rb2 Kd7 1-0

[Event "Abe Yanofsky mem. U1800"]
[Site "Winnipeg CAN"]
[Date "2014.08.31"]
[Round "5"]
[White "Reimer, Bruce"]
[Black "Einarsson, Ken"]
[Result "0-1"]
[WhiteElo "1593"]
[BlackElo "1748"]
[PlyCount "78"]
[EventDate "2014.08.29"]
[EventType "swiss"]
[EventRounds "5"]
[EventCountry "CAN"]

1. c4 e5 2. g3 d5 3. cxd5 Qxd5 4. Nf3 e4 5. Nc3 Qf5 6. Nh4 Qe5 7. Qa4+ Bd7 8.
Qxe4 Qxe4 9. Nxe4 Bc6 10. Bg2 Be7 11. Nf5 Bf6 12. Nxf6+ Nxf6 13. Nxg7+ Kf8 14.
Bxc6 Nxc6 15. Nf5 Nb4 16. Kd1 Ng4 17. Rf1 Nxh2 18. Rg1 Ng4 19. Rg2 Rd8 20. a3
Nd5 21. d3 f6 22. Bh6+ Kf7 23. f3 Nxh6 24. Nxh6+ Kg6 25. Ng4 h5 26. e4 hxg4 27.
exd5 Rh1+ 28. Kd2 Rxa1 29. fxg4 Rxd5 30. Re2 Rd7 31. Re6 Rg1 32. Re3 Kg5 33.
Re8 Rxg3 34. Rg8+ Kf4 35. Rf8 Rgxd3+ 36. Kc2 R3d6 37. Rg8 Rc6+ 38. Kb3 Rd3+ 39.
Ka2 Rg3 0-1

[Event "Abe Yanofsky mem. U1800"]
[Site "Winnipeg CAN"]
[Date "2014.08.31"]
[Round "5"]
[White "Wiebe, Isaac"]
[Black "Remillard, John"]
[Result "1-0"]
[WhiteElo "1520"]
[BlackElo "1660"]
[PlyCount "81"]
[EventDate "2014.08.29"]
[EventType "swiss"]
[EventRounds "5"]
[EventCountry "CAN"]

1. e4 c5 2. Nf3 d6 3. d4 cxd4 4. Nxd4 Nc6 5. Nc3 g6 6. Bc4 Bg7 7. Be3 e6 8. O-O
Nge7 9. Qd2 O-O 10. Rad1 Nxd4 11. Bxd4 e5 12. Be3 Nc6 13. Qxd6 Nd4 14. Qxd8
Rxd8 15. Bxd4 exd4 16. Ne2 Be6 17. Bd3 Rac8 18. h3 Bc4 19. Rd2 Re8 20. f4 Bxd3
21. cxd3 Red8 22. Kf2 Rc6 23. Rc1 Rdc8 24. Rxc6 bxc6 25. Kf3 c5 26. Rc2 c4 27.
Rxc4 Rxc4 28. dxc4 d3 29. Nc3 Bd4 30. Nd1 Kf8 31. e5 f5 32. exf6 Kf7 33. Ke4
Bxf6 34. Kxd3 Ke6 35. Ke4 Kd6 36. b4 Bh4 37. Nc3 a6 38. a4 Be1 39. Nd5 h5 40.
g4 hxg4 41. hxg4 1-0

[Event "Alberta-ch w"]
[Site "Edmonton CAN"]
[Date "2014.04.19"]
[Round "1"]
[White "Mo, Michelle"]
[Black "Burn, Jina"]
[Result "0-1"]
[WhiteElo "1695"]
[BlackElo "1534"]
[PlyCount "76"]
[EventDate "2014.04.19"]
[EventType "tourn"]
[EventRounds "4"]
[EventCountry "CAN"]

1. e4 c5 2. Nf3 d6 3. d4 cxd4 4. Nxd4 Nf6 5. Nc3 a6 6. Bd3 Nc6 7. Nxc6 bxc6 8.
Bg5 e6 9. O-O Be7 10. Re1 h6 11. Bh4 e5 12. Rb1 O-O 13. Ne2 Bg4 14. h3 Be6 15.
b3 g5 16. Bg3 g4 17. hxg4 Nxg4 18. c4 Kh8 19. Qd2 Rg8 20. Kf1 Bh4 21. Rb2 Qf6
22. Bxh4 Qxh4 23. Ng1 Nh2+ 24. Ke2 Rxg2 25. Kd1 Rag8 26. Ne2 Nf3 27. Qc3 Nxe1
28. Kc1 Qh1 29. Rb1 Nxd3+ 30. Kc2 Qh2 31. Qxd3 Rxf2 32. Re1 Rgg2 33. Kc3 Rxe2
34. Rxe2 Rxe2 35. Kb4 Rd2 36. Qc3 Rxa2 37. Qd3 a5+ 38. Kc3 Qb2# 0-1

[Event "Alekhine"]
[Site "Charlesbourg CAN"]
[Date "2014.09.01"]
[Round "1"]
[White "Caire, Francois"]
[Black "Arteau, Benoit"]
[Result "1-0"]
[WhiteElo "2148"]
[BlackElo "1828"]
[PlyCount "111"]
[EventDate "2014.09.01"]
[EventType "swiss"]
[EventRounds "5"]
[EventCountry "CAN"]

1. d4 Nf6 2. c4 e6 3. Nf3 b6 4. Nc3 Bb7 5. Bg5 Be7 6. e3 d6 7. Bd3 Nbd7 8. O-O
O-O 9. Qe2 e5 10. dxe5 Bxf3 11. Qxf3 Nxe5 12. Qe2 Nxd3 13. Qxd3 Re8 14. f3 Qd7
15. e4 h6 16. Be3 Bf8 17. Qd2 Qe6 18. Rac1 c6 19. Ne2 Rad8 20. Nf4 Qe7 21. Bd4
Nd7 22. b4 Ne5 23. b5 Qg5 24. Be3 Qf6 25. bxc6 Nxc6 26. Nd5 Qe5 27. Bf4 Qd4+
28. Qxd4 Nxd4 29. Kf2 Rc8 30. Rfd1 Nc6 31. Nc3 Ne5 32. Bxe5 dxe5 33. Nb5 Bc5+
34. Ke2 Re7 35. Rd5 Rc6 36. Rd8+ Kh7 37. Ra8 a5 38. Rd8 Kg6 39. Kd3 Kf6 40. Nc3
Kg6 41. Nd5 Ree6 42. f4 Kh7 43. f5 Red6 44. Re8 f6 45. g4 Rd7 46. h4 Bf2 47.
Rh1 g6 48. Ke2 Bc5 49. g5 gxf5 50. exf5 Kg7 51. Nxf6 Rxf6 52. gxf6+ Kxf6 53.
Re6+ Kxf5 54. Rxh6 Ke4 55. h5 Kd4 56. Rd1+ 1-0